| 000 | 00924nas1a22002411i 4500 | ||
|---|---|---|---|
| 001 | RU\NLR\INFOCOMM7\1000032648 | ||
| 005 | 20260406161759.0 | ||
| 035 | _a(NLR Aleph) 002514391 | ||
| 090 |
_a2707786 _c2707786 |
||
| 100 | _a20040428c1999 |||y0rusy50 ca | ||
| 101 | 0 | _arus | |
| 102 | _aRU | ||
| 110 | _azyu||||0|y0 | ||
| 200 | 1 |
_aМолодежный вестник Татарстана _eИнформ.-аналит. бюл. _fГос. ком. Респ. Татарстан по делам детей и молодежи |
|
| 210 |
_aКазань _cРИЦ ТИТУЛ _d1999- |
||
| 712 | 0 | 1 |
_4570 _aРеспублика Татарстан _bКомитет по делам детей и молодежи _3RU\NLR\AUTH\889933160 _9361502 |
| 801 | 1 |
_aRU _bInfoComm _c20040428 |
|
| 801 | 0 |
_aRU _bNLR _gPSBO |
|
| 852 |
_aNLR _jП23/4761 |
||
| 942 | _cSE | ||
| 980 | _aRUSPER | ||